| 000 -LEADER |
| fixed length control field |
00595nam a2200205 a 4500 |
| 001 - CONTROL NUMBER |
| control field |
568 |
| 003 - CONTROL NUMBER IDENTIFIER |
| control field |
BD-DhUAP |
| 005 - DATE AND TIME OF LATEST TRANSACTION |
| control field |
20210112144432.0 |
| 008 - FIXED-LENGTH DATA ELEMENTS--GENERAL INFORMATION |
| fixed length control field |
210112r19931988ii a 001 0 eng d |
| 040 ## - CATALOGING SOURCE |
| Original cataloging agency |
DLC |
| Transcribing agency |
DLC |
| Modifying agency |
DLC |
| -- |
BD-DhUAP |
| Language of cataloging |
eng |
| 082 00 - DEWEY DECIMAL CLASSIFICATION NUMBER |
| Classification number |
005.26 KEL |
| Edition number |
23 |
| 100 ## - MAIN ENTRY--PERSONAL NAME |
| Personal name |
Kelly-Bootle, Stan. |
| 245 10 - TITLE STATEMENT |
| Title |
Mastering turbo C / |
| Statement of responsibility, etc. |
Stan Kelly-Bootle. |
| 250 ## - EDITION STATEMENT |
| Edition statement |
First Indian edition. |
| 260 ## - PUBLICATION, DISTRIBUTION, ETC. |
| Place of publication, distribution, etc. |
New Delhi : |
| Name of publisher, distributor, etc. |
BPB, |
| Date of publication, distribution, etc. |
c1988 [Reprinted 1993]. |
| 300 ## - PHYSICAL DESCRIPTION |
| Extent |
xxvi, 578 pages : |
| Other physical details |
illustrations ; |
| Dimensions |
24 cm. |
| 500 ## - GENERAL NOTE |
| General note |
Includes index. |
| 650 #0 - SUBJECT ADDED ENTRY--TOPICAL TERM |
| Topical term or geographic name entry element |
Computer program language. |
| 942 00 - ADDED ENTRY ELEMENTS (KOHA) |
| Source of classification or shelving scheme |
|
| Koha item type |
Book |